000 00311 a2200121 4500
001 146437
040 _cEscola São Tomás de Aquino
100 _aCALVINO, Italo
240 1 0 _aO cavaleiro inexistente
_lpor
245 1 0 _aO cavaleiro inexistente
697 _aOUTRAS LITERATURAS (DIVERSAS LÍNGUAS)
942 _cBK
999 _c146437
_d146437